000
00316 a2200109 4500
001
ART_41711
005
20260410161805.0
008
260409a
245
1
0
_a
El aporte y la quiebra
100
1
_a
Arduino, Augusto H.L.
773
0
_t
Doctrina Societaria y Concursal
_g
- NÂș 313 (dic. 2013)
_w
REV4298
999
_c
20952
_d
20952